Guess the Reverse:1999 ultimate unleash line - Statistics

General Stats
  • This quiz has been taken 109 times
  • The average score is 39 of 108
Answer Stats
Lines Character % Correct
Welcome to the world of numbers. 37
88%
456E746572 John Titor
84%
I, robot, child of science. Lucy
79%
Each moment, now night. Sonetto
79%
Knock knock, room service. Tuesday
76%
Higher than the bell tower and even the clouds! Flutterpage
75%
Go, go! Go for it! Puppies! Medicine Pocket
74%
To soffoca il sangue? It soffoca il sangue?! Isolde
71%
Stars. Voyager
71%
陰森森, 黑黝黝, 盞燈時明時暗, 真係…… 好得人驚啊! 哈哈! An-an Lee
68%
Thou shalt make an atonement for thy sins in full. Dikke
68%
Time to admire the cherry blossoms. Satsuki
65%
The scale of your soul has tilted. The balance needs to be restored. 6
62%
You must see your true self. Kakania
62%
Time waits for no one, even for a great _____. Melania
62%
The ocean dried, and I’m alone again … Eternity
60%
To a brighter future for everyone! Vila
60%
His trumpets sound. The Judgement Day hath come. A Knight
59%
Dance in the pixel world! Desert Flannel
59%
Behold! This camera that will record the world! Loggerhead
59%
Limited scale, infinite lines. Windsong
59%
En la acumulación de laberintos, suéltalo todo una vaz más. Recoleta
57%
A-tishoo, a-tishoo. We all fall down. Tooth fairy
57%
I weave the gown of thorns. You shall repay with sacrifice of wounds. Druvis III
56%
Oh, don't worry! I have prepared it all. I … have prepared it all. Jessica
56%
I’ll fill the cup for you—Ah! Jiu Niangzi
56%
Your fate is doomed! Matilda
56%
Now for the crescendo with fortissimo tutti! Barcarola
54%
Ladies and gentlemen, this is no magic nor any special kind of mechanism. Wish us ... luck! Centurion
54%
Shiny shiny arrows! Leilani
53%
No! More! Wishes! To! Me! La source
50%
Three, two, one, action! Noire
50%
I am the waves in the ocean and the stars in the sky. Mercuria
49%
Are you ready to shake? Regulus
49%
Melt it down, forge it up. J
47%
Secrets always hide in careless words... Listen carefully. Bkornblume
46%
Swallow my exhaust! Lilya
46%
Antarctic Advance Party—Three, two, one, chaaaaarge! Buddy Fairchild
44%
The Bagua drawn on the cyan brick never warns about its changes Getian
44%
Ready! Anchor down! Ram the prow into their flank! White Rum
44%
An amazing discovery. Ezra
43%
We'll find our home. One day. Fatutu
43%
Give me a hand, friends. I can’t do this alone. Shamane
43%
It protects me, as the doctor says. Cristallo
41%
强梁既出,罔有不韪 Liang Yue
41%
Ciao, amore! Pavia
41%
The story begins with a bad adult. He did this first, then that, at last... boom! Balloon Party
40%
Close your eyes. It will all be over soon… Semmelweis
40%
This is the gift well prepared for you! Sotheby
40%
The endowments from the great Arabian! Darley Clatter
38%
Enumeration is a last resort… But sometimes, it can work a miracle. Ulrich
38%
...Just take it as a trip to London. Oliver Fog
37%
These glowing lights … We are the master and maven of the place. Ms. Newbabel
35%
You can run, but you can’t hide. Argus
34%
Enough. Time to clean up the battlefield. Moldir
34%
Fragrance and dazzle can easily confuse one's vision. I'm sorry for you. Tennant
34%
Mind the machines on the ground... Bang! X
34%
The star falls toward the sun, as the _____ drops to the ground. APPLe
32%
Wait for the pop! Lopera
32%
Snack time!... Yum yum~♪ Baby blue
31%
Cheer and witness my victory! Spathodea
31%
Once shattered, now remade. Nautika
29%
You're awake. Your family asked me to get here. Mhmm, mhmm... I will take you back. Necrologist
29%
Worry not. The direction of fate is decided. Yenisei
29%
Hey hoo... Whoa whoa whoa! Whew, are you ready to have a hearty meal! Bunny Bunny
28%
Sacrifice holds meaning only in its warning—life is deliberate and easily lost. Charon
28%
Relax. It's a treatment with a higher dose. Mesmer Jr.
28%
Enough ... futile, all of it! Nothing but a mockery of capricious fate. Aleph
26%
Sweet dreams. Anjo Nala
25%
Three, two, one, launch! Sputnik
25%
Let me be the ________ of your dreams. Barbara
24%
Please look over here... Ooh! No no no! Poltergeist
24%
My friend! Dance together with DUU-DUU-BELL-BOO! Alien T
21%
They come out of thin air, they are hideous and evil ... They ... are my friends. Blonney
21%
Mm … And now it’s easier to understand! Marcus
21%
The same shadow, from the same light. Willow
21%
Flaws! Take the offensive! Eagle
19%
The stars are within your reach. Hissabeth
19%
Watch and learn, kids! Mr. Duncan
19%
(On top of the ladder of progress, there stands a ___ interwined in happiness and pain.) Pickles
19%
Le glas funèbre sonne pour toi. Sentinel
19%
The rage of the sea will claim you! Like ... the anger of a teacher! Erick
16%
Даже далеко в космосе все всё равно здесь со мной. Kiperina
16%
Nighty night. I wish you sweet dreams. Sweetheart
16%
Feel it, feel the beating of your hearts! Ulu
16%
I hope you like it here, even if you are bad friends! Avgust
15%
A historic moment for commemoration. Click
13%
Wie du mir, so ich dir. Mondlicht
13%
Ladies and gentlemen, please be ready, to witness the real world! ONiON
12%
Thy ending is destined. Charlie
10%
Everything has its cause and effect. Kaalaa Baunaa
10%
*calling whistle* Name Day
10%
Salute to you, my lord! Bette
9%
Now you have a friend to play with you too! Twins Sleep
9%
Oh? Mhmm, mhmm! Ohh ... This is breath-taking! TTT
7%
_______ reflect like mirrors, my friend. Diggers
6%
I see—a million suns! Door
6%
This will show you the way to the harbor. Lorelei
6%
One Two Three. Fall asleep with me. Nick Bottom
6%
не было бы счастье, да несчастье помогло. Зима
4%
The star has moved. So will the mortal’s fate. Kanjira
4%
In this era, I speak. And my voice will be heard. Pioneer
4%
Like harvesting on the wheat field. Ms. Moissan
3%
Knowing nothing is also a blessing. Ms. Radio
3%
Che peccato. Sei dalla parte sbagliata. Schneider
3%
To that we have drew souls forever-- The Fool
3%
For justice! Brimley
0%
Go, gooooo! Rabies
0%
No matching quizzes found
Score Distribution
Percent of People with Each Score
Percentile by Number Answered
Your Score History
You have not taken this quiz